b站@uoiu 粉丝数量前十的省级行政区 - Statistics

General Stats
  • This quiz has been taken 42 times
  • The average score is 9 of 10
Answer Stats
省区 占比/% % Correct
广东 11.4
95%
北京 9.6
95%
上海 9.1
95%
江苏 8.7
92%
山东 6.1
92%
福建 3.0
87%
浙江 6.5
85%
四川 3.5
79%
湖北 3.5
72%
天津 3.0
72%
No matching quizzes found
Score Distribution
Percent of People with Each Score
Percentile by Number Answered
Your Score History
You have not taken this quiz